|
|
|
|
| LEADER |
01264nam a2200289 4500 |
| 001 |
727 |
| 003 |
BD-DhAAL |
| 005 |
20160620105812.0 |
| 008 |
150614s1972 bg b 001 0 eng |
| 010 |
|
|
|a 73900563
|
| 040 |
|
|
|a DLC
|c DLC
|d DLC
|d BD-DhAAL
|
| 050 |
0 |
0 |
|a KNG659
|b .K335 1972
|
| 082 |
0 |
0 |
|a 346/.5492/0434
|
| 100 |
1 |
|
|a Kabir, Lutful.
|9 12032
|
| 245 |
1 |
4 |
|a The rights and liabilities of the raiyats under the Bengal tenancy act, 1885, and the state acquisition and tenancy act, 1950,
|b with amendments.
|
| 260 |
|
|
|a [Dacca]
|b Law House Publication,
|c 1972.
|
| 300 |
|
|
|a lii, 548 p.
|c 23 cm.
|
| 350 |
|
|
|a Tk75.00
|
| 500 |
|
|
|a A revision of the author's thesis, University of London, 1965, with title: The rights and liabilities of the Bengal raiyats under the tenancy legislation from 1885 to 1947.
|
| 504 |
|
|
|a Bibliography: p. [508]-512.
|
| 541 |
|
|
|e 727
|
| 610 |
1 |
0 |
|a Bengal (India).
|t Bengal tenancy act, 1885.
|9 12033
|
| 650 |
|
0 |
|a Land tenure
|x Law and legislation
|z Bangladesh.
|9 12034
|
| 650 |
|
0 |
|a Landlord and tenant
|z Bangladesh.
|9 12035
|
| 942 |
|
|
|2 ddc
|c BK
|
| 999 |
|
|
|c 34716
|d 34716
|
| 952 |
|
|
|0 0
|1 0
|2 ddc
|4 0
|6 346_000000000000000__5492_0434_KAB
|7 0
|9 54290
|a SCL
|b SCL
|c GEN
|d 2015-06-14
|g 75.00
|l 0
|o 346.54920434 KAB
|p 3020000727
|r 2015-06-14
|t 1
|w 2015-06-14
|y BK
|